An exploratory review of the effects of toxic mold on real estate values. (Record no. 75544)

MARC details
000 -LEADER
fixed length control field 01152cab a2200193 4500
001 - CONTROL NUMBER
control field L130312
008 - FIXED-LENGTH DATA ELEMENTS--GENERAL INFORMATION
fixed length control field 050714n2005 000 0 eng u
035 ## - SYSTEM CONTROL NUMBER
System control number (Sirsi) u130312
041 ## - LANGUAGE CODE
Language code of text/sound track or separate title eng
100 ## - MAIN ENTRY--PERSONAL NAME
Personal name Simons, Robert A.
245 #3 - TITLE STATEMENT
Title An exploratory review of the effects of toxic mold on real estate values.
260 ## - PUBLICATION, DISTRIBUTION, ETC.
Date of publication, distribution, etc. 2005
490 ## - SERIES STATEMENT
Series statement The Appraisal Journal
Volume/sequential designation Spring 2005, 156-166(11)
520 ## - SUMMARY, ETC.
Summary, etc. Reports outcomes of ten litigated toxic mold cases: a contingent valuation (CV) in South Carolina; mold case studies of an apartment complex near Seattle; and a group of homes in Cleveland, Ohio The litigated cases had very large payouts, some larger than the property value. Postcure reductions of 20-37% in property value were revealed in the CV surveys. The apartment property contaminated with toxic mold had losses in excess of 60% and potentially as high as 100%. A mildly affected group of homes in Cleveland, Ohio, incurred unit remediation costs of 5-15%. [Taken from journal abstract.]
590 ## - LOCAL NOTE (RLIN)
Local note IKA190705
690 ## - LOCAL SUBJECT ADDED ENTRY--TOPICAL TERM (OCLC, RLIN)
Topical term or geographic name as entry element MANAGEMENT-HEALTH AND SAFETY-HAZARDOUS SUBSTANCES-TOXIC MOULD
700 ## - ADDED ENTRY--PERSONAL NAME
Personal name Throupe, Ron
942 ## - ADDED ENTRY ELEMENTS (KOHA)
Suppress in OPAC 0
Holdings
Withdrawn status Lost status Source of classification or shelving scheme Damaged status Not for loan Home library Current library Shelving location Date acquired Total Checkouts Full call number Barcode Date last seen Copy number Price effective from Koha item type
    Dewey Decimal Classification     London London Journal article 14/07/2005   L130312 130312-1001 06/08/2019 1 06/08/2019 Journal article